|
|
|
|
| LEADER |
01105nam a2200265 p 4500 |
| 001 |
4571193 |
| 003 |
GR-PaULI |
| 005 |
20210117210731.0 |
| 008 |
751119s1975 ne b 001 0 eng |
| 952 |
|
|
|0 0
|1 0
|2 ddc
|4 0
|6 519_233000000000000_REV
|7 0
|9 226466
|a LISP
|b LISP
|c BSC
|d 2018-10-05
|e Βιβλιοθήκη Μαθηματικού.
|i 124134
|l 0
|o 519.233 REV
|p 025000040627
|r 2018-10-05 00:00:00
|t 1
|v 2018.00
|w 2018-10-05
|y BK15
|
| 999 |
|
|
|c 136661
|d 136661
|
| 020 |
|
|
|a 0444107525 (American Elsevier)
|c
|
| 040 |
|
|
|a DLC
|c DLC
|d DLC
|b gre
|e AACR2
|
| 082 |
0 |
0 |
|a 519.233
|2 23
|
| 100 |
1 |
|
|a Revuz, D.
|9 6294
|e συγγραφέας.
|
| 245 |
1 |
0 |
|a Markov chains /
|c D. Revuz.
|
| 260 |
|
|
|a Amsterdam :
|b North-Holland Pub. Co. ;
|a New York :
|b American Elsevier,
|c 1975.
|
| 300 |
|
|
|a x, 336 σ. ;
|c 23 εκ.
|
| 490 |
1 |
|
|a North-Holland mathematical library
|v 11.
|
| 500 |
|
|
|a
|
| 504 |
|
|
|a Περιλαμβάνει βιβλιογραφία και ευρετήριο.
|
| 650 |
|
4 |
|a Αλυσίδες Markov
|9 3784
|
| 830 |
|
|
|9 167512
|a North-Holland mathematical library
|v 11
|
| 942 |
|
|
|2 ddc
|c BK15
|
| 998 |
|
|
|c ΜΠΟΥΡΑΣ
|d 2018-10
|